| 000 | 00686nam a2200205 a 4500 | ||
|---|---|---|---|
| 001 | BRCA_1683 | ||
| 005 | 20190320203515.0 | ||
| 008 | 931108s1994 caua---##b---#000-0#eng-# | ||
| 020 | _a0892362170 | ||
| 040 |
_aDLC _cDLC _dDLC |
||
| 050 | 4 |
_aND2889 _b.B76 1994 |
|
| 100 | 1 |
_aBrown, Michelle P. _95259 |
|
| 245 | 1 | 0 |
_aUnderstanding Illuminated Manuscripts _ba Guide to Technical Terms _cMichelle P. Brown. |
| 260 |
_aMalibu, California _bJ. Paul Getty Museum ; The British Library _cc1994 |
||
| 300 |
_a127 p. _bil. (algunas a color) _c24 cm. |
||
| 504 | _aBibliografía : p. 127 | ||
| 650 | 1 | 4 |
_aIluminación de libros y manuscritos _vDiccionarios _95260 |
| 902 | _aREF | ||
| 942 |
_2lcc _cB |
||
| 999 |
_c1476 _d1476 |
||